| 000 | 01134nam a2200301 a 4500 | ||
|---|---|---|---|
| 001 | ebr10723938 | ||
| 003 | CaPaEBR | ||
| 006 | m o u | ||
| 007 | cr cn||||||||| | ||
| 008 | 130711s2013 enk sb 001 0beng d | ||
| 020 | _z9781844655533 (hardcover) | ||
| 020 | _z9781844655540 (pbk.) | ||
| 020 | _z9781844655557 (e-book) | ||
| 040 |
_aCaPaEBR _cCaPaEBR |
||
| 035 | _a(OCoLC)854569514 | ||
| 050 | 1 | 4 |
_aB2430.B274 _bP44 2013eb |
| 082 | 0 | 4 |
_a230.01 _223 |
| 100 | 1 | _aPhelps, Hollis. | |
| 245 | 1 | 0 |
_aAlain Badiou _h[electronic resource] : _bbetween theology and anti-theology / _cHollis Phelps. |
| 260 |
_aDurham : _bAcumen, _c2013. |
||
| 300 | _aix, 182 p. | ||
| 504 | _aIncludes bibliographical references and index. | ||
| 533 |
_aElectronic reproduction. _bPalo Alto, Calif. : _cebrary, _d2013. _nAvailable via World Wide Web. _nAccess may be limited to ebrary affiliated libraries. |
||
| 600 | 1 | 0 | _aBadiou, Alain. |
| 655 | 7 |
_aElectronic books. _2local |
|
| 710 | 2 | _aebrary, Inc. | |
| 856 | 4 | 0 |
_uhttp://site.ebrary.com/lib/rucke/Doc?id=10723938 _zAn electronic book accessible through the World Wide Web; click to view |
| 999 |
_c38458 _d38458 |
||